Los dioses se han fatigado / (Record no. 178155)
[ view plain ]
| 000 -LEADER | |
|---|---|
| campo de control de longitud fija | 01310nam a2200313 4500 |
| 001 - NÚMERO DE CONTROL | |
| campo de control | 178155 |
| 003 - IDENTIFICADOR DE NÚMERO DE CONTROL | |
| campo de control | ES-MaACL |
| 005 - FECHA Y HORA DE LA ÚLTIMA TRANSACCIÓN | |
| campo de control | 20230904063001.0 |
| 008 - DATOS DE LONGITUD FIJA--INFORMACIÓN GENERAL | |
| campo de control de longitud fija | 110519s2007 sp |||| |dspa d |
| 020 ## - NÚMERO INTERNACIONAL ESTÁNDAR DEL LIBRO | |
| Número Internacional Estándar del Libro | 978-84-96637-33-7 |
| 080 ## - NÚMERO DE LA CLASIFICACIÓN DECIMAL UNIVERSAL | |
| Número de la Clasificación Decimal Universal | 821.134.2-23"19" |
| 100 1# - ENTRADA PRINCIPAL--NOMBRE DE PERSONA | |
| Nombre de persona | Cillero Ulecia, Antonio, |
| Fechas asociadas al nombre | 1917-2007 |
| 9 (RLIN) | 38827 |
| 245 14 - MENCIÓN DEL TÍTULO | |
| Título | Los dioses se han fatigado / |
| Mención de responsabilidad, etc. | Antonio Cillero Ulecia ; edición de Diego Marín A. y José Luis Pérez Pastor. |
| 260 ## - PUBLICACIÓN, DISTRIBUCIÓN, ETC. | |
| Lugar de publicación, distribución, etc. | Logroño : |
| Nombre del editor, distribuidor, etc. | Instituto de Estudios Riojanos, |
| Fecha de publicación, distribución, etc. | 2007. |
| 300 ## - DESCRIPCIÓN FÍSICA | |
| Extensión | 91 p. : |
| Otras características físicas | 1 retr. ; |
| Dimensiones | 22 cm. |
| 490 1# - MENCIÓN DE SERIE | |
| Mención de serie | Nuestros escritores ; |
| Designación de volumen o secuencia | 1 |
| 504 ## - NOTA DE BIBLIOGRAFÍA, ETC. | |
| Nota de bibliografía, etc. | Bibliografía: p. 31-32. |
| 505 8# - NOTA DE CONTENIDO CON FORMATO | |
| Nota de contenido con formato | Contiene: ; |
| Título | El escritor Cillero Ulecia recibió un homenaje póstumo en el Ateneo de Madrid |
| 700 1# - ENTRADA AGREGADA--NOMBRE PERSONAL | |
| Nombre de persona | Marín A., Diego. |
| 9 (RLIN) | 76761 |
| 700 1# - ENTRADA AGREGADA--NOMBRE PERSONAL | |
| Nombre de persona | Pérez Pastor, José Luis. |
| 9 (RLIN) | 91077 |
| 710 2# - ENTRADA AGREGADA--NOMBRE DE ENTIDAD CORPORATIVA | |
| Nombre de entidad corporativa o nombre de jurisdicción como elemento de entrada | Instituto de Estudios Riojanos. |
| 9 (RLIN) | 4928 |
| 740 3# - ENTRADA AGREGADA--TÍTULO RELACIONADO/ANALÍTICO NO CONTROLADO | |
| Título relacionado o analítico no controlado | El escritor Cillero Ulecia recibió un homenaje póstumo en el Ateneo de Madrid. |
| 830 0# - PUNTO DE ACCESO ADICIONAL DE SERIE-TÍTULO UNIFORME | |
| Título uniforme | Nuestros escritores ; |
| Designación de volumen o secuencia | 1 |
| 9 (RLIN) | 224254 |
| 852 ## - LOCALIZACIÓN | |
| Ubicación | ES-MaACL |
| itemnumber | 185014 |
| Sublocalización o colección | R.145499 |
| Número de control de estantería | A-11212 |
| Signatura antigua | Olim: N-4216 |
| Ubicación en estantería | Depósito 1 |
| Encuadernación | Donación: Antonio Cillero |
| 903 ## - NOMBRE PERSONAL DE DONANTE | |
| 9 | 38827 |
| a | Cillero Ulecia, Antonio, |
| d | 1917-2007 |
| e | Donante |
| 942 ## - ELEMENTOS DE ENTRADA SECUNDARIOS (KOHA) | |
| Fuente del sistema de clasificación o colocación | Clasificación decimal universal |
| Tipo de ítem Koha | Libro impreso |
| Estatus retirado | Estado de pérdida | Fuente del sistema de clasificación o colocación | Estado de daño | No para préstamo | Biblioteca de origen | Biblioteca actual | Ubicación en estantería | Fecha de adquisición | Fuente de adquisición | Total de préstamos | Signatura topográfica completa | Código de barras | Visto por última vez | Precio de reemplazo | Tipo de ítem Koha |
|---|---|---|---|---|---|---|---|---|---|---|---|---|---|---|---|
| Clasificación decimal universal | Biblioteca del Ateneo de Madrid | Biblioteca del Ateneo de Madrid | Depósito 1 | 19/05/2011 | Donación | A-11212 | 1187149 | 23/02/2023 | 23/02/2023 | Libro impreso |
